| 000 | 00000nam##2200000za#4500 |
| 001 | 9.644355 |
| 003 | CaOODSP |
| 005 | 20250506145324 |
| 007 | cr ||||||||||| |
| 008 | 150407|1990||||xxc|||||o f|0| 0 fre|d |
| 040 | |aCaOODSP|bfre |
| 043 | |an-cn--- |
| 086 | 1 |aA53-1846/1990F-PDF |
| 110 | 1 |aCanada.|bAgriculture Canada. |
| 245 | 10|aRéfrigération - Prérefroidisseur mobile pour fruits et légumes / |h[ressource électronique]|c[par] I.R. MacKinnon, R.K. Prange, and P.D. Lidster. |
| 260 | |bAgriculture Canada |c1990. |
| 300 | |a10p.|bfigures |
| 500 | |aPublication historique numérisée par Agriculture et Agroalimentaire Canada. |
| 590 | |a15-05-Supp|b2015-03-31 |
| 775 | 08|tRefrigeration - Mobile precooler for fruits and vegetables / |w(CaOODSP)9.700471 |
| 856 | 40|ahttp://publications.gc.ca|qPDF|s2665 Ko|uhttps://publications.gc.ca/collections/collection_2015/aac-aafc/A53-1846-1990-fra.pdf |
| 986 | |aPublication 1846/B |